000 00865nam a2200253Ia 4500
005 20251020182456.0
008 200515s9999 xx 000 0 und d
082 _a624.05/C43
110 _aCentro de Estudios y Prevención de Desastres
245 0 _aLa casa de quincha mejorada : cómo construirla
250 _a1a ed.
260 _aLima
260 _bPREDES
260 _c1993
300 _a69 p.
300 _bil., tbl., graf.
500 _a1 ejemplar
520 _aProceso constructivo con Quincha Mejorada, llamada así porque al agregar algunos materiales (cemento, hormigón, etc.) y al perfeccionar el diseño estructural y sistema constructivo, se ha mejorado la calidad y resistencia de la casa de Quincha Tradicional
650 _aCONSTRUCCIONES EN TIERRA
650 _aQUINCHA
650 _aVIVIENDAS
942 _cLIB
999 _c1018
_d1018